|
|
|
|
| LEADER |
00000nab a2200000 ar4500 |
| 001 |
vtls009088787 |
| 003 |
SK-MaSNL |
| 005 |
20260305020040.0 |
| 008 |
070823|2007 xo u|me|||||||00 ||slo |
| 015 |
|
|
|a SNBRA2007/08
|
| 038 |
|
|
|a SNKBUCL
|
| 040 |
|
|
|a SNKBUCL
|b slo
|c SNKBUCL
|e AACR2
|
| 041 |
0 |
|
|a slo
|b eng
|
| 044 |
|
|
|a xo
|c SK
|
| 080 |
|
|
|a 2-67
|2 2001
|
| 080 |
|
|
|a 261:32
|2 1997
|
| 080 |
|
|
|a 061.236.6-051"17"
|x (470+571)
|2 2001
|
| 100 |
1 |
|
|a Wagner-Janošková, Zuzana
|4 aut
|9 1595398
|
| 245 |
1 |
0 |
|a Slobodomurárstvo v Rusku osemnásteho storočia
|c Zuzana Wagner-Janošková
|
| 504 |
|
|
|a Bibliogr. odkazy
|
| 546 |
|
|
|a Res. angl.
|
| 648 |
|
7 |
|a 18. stor.
|2 snkbucl
|9 283423
|
| 650 |
0 |
7 |
|a štát a cirkev
|2 snkbucl
|9 4233
|
| 650 |
0 |
7 |
|a slobodomurári
|2 snkbucl
|9 4328
|
| 651 |
|
7 |
|a Rusko
|2 snkbucl
|9 17250
|
| 773 |
0 |
|
|t Ročenka Ústavu pre vzťahy štátu a cirkví 2006
|d Bratislava : Ústav pre vzťahy štátu a cirkví, 2007
|g S. 196-206
|z 9788089096305
|
| 852 |
|
|
|a SNK
|b KIS3GCP
|
| 958 |
|
|
|a SK
|
| 958 |
|
|
|a NT
|
| 958 |
|
|
|a NB
|
| 999 |
|
|
|c 3278511
|d 3280441
|